Le grand dictionaire historique, ou Le mélange curieux de l'histoire sacrée et profane (Record no. 160211)

MARC details
000 -LEADER
campo de control de longitud fija 01967nam a2200325 i 4500
001 - NÚMERO DE CONTROL
campo de control 160211
003 - IDENTIFICADOR DE NÚMERO DE CONTROL
campo de control ES-MaACL
005 - FECHA Y HORA DE LA ÚLTIMA TRANSACCIÓN
campo de control 20251105063136.0
008 - DATOS DE LONGITUD FIJA--INFORMACIÓN GENERAL
campo de control de longitud fija 970407s1687 fr a |||| | fre d
040 ## - FUENTE DE CATALOGACIÓN
Centro catalogador/agencia de origen CAV
Lengua de catalogación spa
Centro/agencia transcriptor CCPB | SIC
100 1# - ENTRADA PRINCIPAL--NOMBRE DE PERSONA
Nombre de persona Moreri, Louis,
Fechas asociadas al nombre 1643-1680
9 (RLIN) 83465
245 13 - MENCIÓN DEL TÍTULO
Título Le grand dictionaire historique, ou Le mélange curieux de l'histoire sacrée et profane
Resto del título : qui contient en abregé les vies des patriarches, des juges et des rois de l'Ancien Testament ... /
Mención de responsabilidad, etc. par Louis Moreri ... ; tome premier [-second].
250 ## - MENCION DE EDICION
Mención de edición Quatrième édition, divisée en deux tomes, Revûë, corrigée, augmentée & mise en meilleur ordre que les precedentes.
260 ## - PUBLICACIÓN, DISTRIBUCIÓN, ETC.
Lugar de publicación, distribución, etc. A Lyon :
Nombre del editor, distribuidor, etc. chez Jean Girin, & Barthelemi Riviere ... ;
Lugar de publicación, distribución, etc. et se vend à Paris :
Nombre del editor, distribuidor, etc. chez Denis Thierry ...,
Fecha de publicación, distribución, etc. 1687.
300 ## - DESCRIPCIÓN FÍSICA
Extensión 4 v. ([22], 1315 [i.e. 1278] p., [2] en bl.; [2], 1180, 183 p.) ;
Dimensiones 38 cm.
595 ## -
-- Datos de ed. preceden al autor en port.
597 ## - NOTA DE DESCRIPCIÓN FÍSICA
NOTA DE DESCRIPCIÓN FÍSICA Sign.: [ ]1, ã6, ¯e4, A-Z4, 2A-2Z4, 3A-3Z4, 4A-4Z4, 5A-5Z4, 6A-6Z4, 7A-7Y4; [ ]1, A-Z4, 2A-2Z4, 3A-3Z4, 4A-4Z4, 5A-5Z4, 6A-6Z4, 7A-7H4, 7p6, *A-*Z4.
597 ## - NOTA DE DESCRIPCIÓN FÍSICA
NOTA DE DESCRIPCIÓN FÍSICA Errores de pag. en tomo 1: pasa de p. 736 a 777 y repite las p. 1127-1128.
597 ## - NOTA DE DESCRIPCIÓN FÍSICA
NOTA DE DESCRIPCIÓN FÍSICA Ports. a dos tintas.
597 ## - NOTA DE DESCRIPCIÓN FÍSICA
NOTA DE DESCRIPCIÓN FÍSICA El tomo primero contiene las letras A-F y el segundo G-Z. Las 183 p. con las letras T-Z.
597 ## - NOTA DE DESCRIPCIÓN FÍSICA
NOTA DE DESCRIPCIÓN FÍSICA Texto a dos col.
599 ## - NOTA A LAS ILUSTRACIONES
NOTA A LAS ILUSTRACIONES Front. grab. calc.: "Audran sculp."
599 ## - NOTA A LAS ILUSTRACIONES
NOTA A LAS ILUSTRACIONES La h. de grab. calc.: "De Troye Pin.""G. Edelinck Sculp.", retrato del autor, precediendo a port.
599 ## - NOTA A LAS ILUSTRACIONES
NOTA A LAS ILUSTRACIONES Viñetas calc. al comienzo de texto: "T. Blanchet jnu.""Matt. Ogier Sculp. Lugd." (t. 1); "I.I. Thourneyser sc. ..." (t. 2)
630 04 - PUNTO DE ACCESO ADICIONAL DE MATERIA--TÍTULO UNIFORME
Título uniforme Biblia-
Subdivisión de forma Enciclopedias.
9 (RLIN) 165685
650 #4 - PUNTO DE ACCESO ADICIONAL DE MATERIA--TÉRMINO DE MATERIA
Término de materia o nombre geográfico como elemento de entrada Historia eclesiástica-
Subdivisión de forma Enciclopedias.
9 (RLIN) 165686
650 #4 - PUNTO DE ACCESO ADICIONAL DE MATERIA--TÉRMINO DE MATERIA
Término de materia o nombre geográfico como elemento de entrada Historia universal-
Subdivisión de forma Enciclopedias.
9 (RLIN) 13432
852 ## - LOCALIZACIÓN
Ubicación ES-MaACL
Número de control de estantería R-85-88
Nota libre -- Enc. pasta española
Encuadernación C-778-781
Holdings
Estatus retirado Estado de pérdida Estado de daño No para préstamo Colección Biblioteca de origen Biblioteca actual Ubicación en estantería Fecha de adquisición Total de préstamos Signatura topográfica completa Código de barras Visto por última vez Precio de reemplazo Tipo de ítem Koha
        Libros del s. XVII Biblioteca del Ateneo de Madrid Biblioteca del Ateneo de Madrid Depósito 17/01/2008   R-85-88 1167740 23/02/2023 23/02/2023 Libro impreso antiguo